000 00664nam a22002297a 4500
003 UA-OsUOA
001 49010
007 ta
008 20130911b un ||||| |||| 00| 0 ukr d
100 _aПалієнко М.
090 _a94(477).155
_bП14
942 _cBK
040 _aUA-OsUOA
_bukr
_cUA-OsUOA
_dUA-OsUOA
245 _aТеофіл Горникевич та українські архівні колекції у Відні
300 _a688 с.; іл. с.
955 _a1
041 _aukr
080 _a94(477).155
260 _aК.
_bТемпора
_c2012
650 7 _a9 Географія. Біографії. Історія
_2UDC
999 _c429133
_d429133